| 000 | 00364nam a22001457a 4500 | ||
|---|---|---|---|
| 003 | MACL | ||
| 005 | 20190806163054.0 | ||
| 008 | 190806b xxu||||| |||| 00| 0 eng d | ||
| 040 | _cMACL | ||
| 100 |
_aSharma,T.L. _976122 |
||
| 245 | _aPartition of India A Cold War Strategy | ||
| 260 |
_aDelhi _bB.R. Pub. _c2017 |
||
| 650 |
_aInd. History _976123 |
||
| 942 |
_2ddc _cBK |
||
| 999 |
_c60658 _d60658 |
||